000 00897nam a22002057a 4500
005 20230719141820.0
008 220314b ||||| |||| 00| 0 eng d
020 _a9789352697939
040 _cAL
041 _aeng
082 _223
_a332
_bAROF
100 _aVrinda Arora
_923644
245 _aFinancial economics
_bQuantitative and qualitative assessments
260 _aNew Delhi
_bRandom Publications
_c2021
300 _aviii,281p.
_bHB
_c24x16cm.
365 _2General
_aABDI/0566/22
_b₹1796.25
_c
_d₹2395.00
_e25%
_f7-03-2022
520 _aIntroduction to financial economics; theories of financial economics; financial analysis; qualitative model; traditional approach to portfolio; financing decisions; corporate finance; monetary theory in economy; economics of information products; capital market investment.
650 _2Economics
_aFinancial economics
_924083
942 _2ddc
_cBK
999 _c221874
_d221874